00862nam a22002057a 450000500170000000800410001704100080005804400070006608200170007310000280009024501960011826000760031430000240039050000840041465000410049865000400053965000250057965100240060470000280062820151003020002.0140923b2014 ck ||||| |||| 00| 0 spa d aspa ack04a633.8bG63b21 aGómez, José Antonio10aEsquema de compensación por servicios ambientales hídricos en el sector productivo cafetero : bcaso microcuenca Toro, Valle del Cauca / cJosé Antonio Gómez, y Luisa Fernanda López aBogotá : bFederación de Nacional de Cafeteros de Colombia, c2014. a31 p.bil.c24 cm. aProyecto incorporación de la biodiversidad en el sector cafetero de Colombia. 4aRestauración de cuencasvmonitoreo 4aServicios ambientalesvhidrología 4aCafévplantaciones 4aCaféxagricultura1 aLópez, Luisa Fernanda